Emulsion polymers and emulsion polymerization (Record no. 37307)

MARC details
000 -LEADER
fixed length control field 00396nam a2200145Ia 4500
082 ## - DEWEY DECIMAL CLASSIFICATION NUMBER
Classification number 028.2875
Item number BAS
100 ## - MAIN ENTRY--AUTHOR NAME
Personal name Hamielec, David R
245 #0 - TITLE STATEMENT
Title Emulsion polymers and emulsion polymerization
260 ## - PUBLICATION, DISTRIBUTION, ETC. (IMPRINT)
Place of publication Washington
Name of publisher ACS
Year of publication 1981
490 ## - SERIES STATEMENT
Series statement ACS symposium series 165
650 ## - SUBJECT ADDED ENTRY--TOPICAL TERM
Topical Term Emulsion polymerization
700 ## - ADDED ENTRY--PERSONAL NAME
Personal name Alvin E
942 ## - ADDED ENTRY ELEMENTS (KOHA)
Koha item type Books
Holdings
Withdrawn status Lost status Damaged status Not for loan Home library Current library Date acquired Cost, normal purchase price Full call number Accession Number Koha item type
        RRII Library RRII Library 16/12/2021 59.95 028.2875 BAS 17693 Books